000 00787nam0a22002411 4500
001 rc\2131354
005 20250623062343.0
035 _a(NLR Aleph) 006626896
090 _a7509162
_c7509162
100 _a20110829d1979 |||y0rusy50 ca
101 0 _arus
102 _aRU
105 _aa z |||||
200 1 _aДекоративно-прикладное искусство Молдавской ССР
_e[Альбом]
_f[Лившиц М.Я.]
210 _aМосква
_cСов. художник
_d1979
215 _a[104] с.
_cил., цв. ил.
_d28
702 1 _aЛившиц
_bМ.Я.
_gМатус Яковлевич
_4220
801 0 _aRU
_bNLR
_gpsbo
801 1 _aRU
_bELAR
_2rusmarc
852 _aNLR
_jЭ АлИс600-63/2-М750
899 _aRuMoRGB
_jИЗО
942 _cBOOK
980 _aNB